000 01653nam a2200289Ia 4500
999 _c53488
_d53488
001 20534
003 GE_BSU
005 20210108223337.0
008 181216s1983||||ge |||||||||||||| ||geo||
040 _cGE_BSU
041 _ageo
080 _a811.353.1-84(075.3=161.1) დ-15
100 _aდავითიანი, აკაკი
_97697
245 _aქართული ენა 3კლ. :
_bრუსული სკოლის III კლასის სახელმძღვ. /
_cაკაკი დავითიანი, ვალერიან მუშკუდიანი, თ. ციხისელი ; რედ. გ. ახალაია, ც. ნევეროვსკაია ; მხატვ.: ზ. დეისაძე.
250 _aმე-3 გამოცემა
264 _aთბილისი :
_bგანათლება,
_c1983.
300 _a159 გვ. :
_bილ. ;
_c22 სმ.
541 _h40 თ.
653 _aრუსული სკოლის III კლასის სახელმძღვანელო
653 _aქართული ენა
700 _aმუშკუდიანი, ვალერიან
_eავტორი
_910013
700 _aციხისელი, თ.
_eავტორი
_99845
700 _aახალაია, გ.
_eრედაქტორი
_99826
700 _aნევეროვსკაია, ც.
_eრედაქტორი
_99827
700 _aდეისაძე, ზ.
_eმხატვარი
_910014
942 _cBK
_2udc